000 01144 a2200241 4500
005 20080911104029.0
008 080911t xxu||||| |||| 00| 0 hin d
010 _aHIN-79581
020 _a8187305096
_c130.00
035 _aHN-51927
037 _bD.B.Act / pub
082 _a821
100 _aशर्मा, धर्मवीर
245 _aगाँव हमारे कहाँ गए?
_cधर्मवीर शर्मा
246 _aGaon Hamare kahan gaye
_bby Dharmvir Sharma
260 _aदिल्ली
_bहिन्दी पॉकेट बुक्स
_c2005
270 _aआर-2/29 गुरूद्वारा रोड रमेश पार्क लक्ष्मीनगर
_bदिल्ली
_e110092
300 _a115पृ
_c22 सेमी (सजिल्द)
650 _aहिन्दी कविताएँ
650 _aHindi poems
942 _adpl
_cHN
_k821 / शर्माध
_2ddc
_h821
_mशर्माध
999 _c3022
_d3022